000 00505nam a2200193Ia 4500
005 20250508154110.0
008 008 250505s9999 xx 000 0 eng d
037 _aTextual
040 _aFEDL
_beng
_cFEDL
041 _aeng
_2eng
084 _a100, MOO
_qFEDL
100 _aMoore G E
245 0 _aSome main problem of philosophy
260 _aNew York, USA
_bCollier Books
_c1953
300 _a412p.
650 _aPhilosophy
942 _cTEXL
_h100, MOO
999 _c1347620
_d1347620